书目信息 |
| 书名: | English this way | |
| 作者: | prepared by English Language Services. | |
| 分册号: | ||
| 分册名: | 出版地: | New York : |
|
| 出版社: | Collier Macmillan International | |
| 出版时间: | 1964. | |
| 页数: | 150 p. | |
| 开本: | ||
| 丛书名: | ||
| 中图分类号: | ||
| 科图分类号: | ||
| 其他分类号: | H31 | |
| 主题词: | ||
| 电子资源: | ||
| 000 | 00489nam 22001697a 4500 | |
| 001 | E0738749519 | |
| 005 | 20071005105529.00 | |
| 008 | 030411s1964 nyua b 001 0 eng d | |
| 020 | @cCNY1.10. | |
| 040 | @aNUL@cNUL | |
| 090 | @aJ688.4/W470 | |
| 090 | @aH31 | |
| 099 | @dH31@ex33:(9-10) | |
| 245 | 00 | @aEnglish this way.@n(9-10) / @cprepared by English Language Services. |
| 260 | @aNew York :@bCollier Macmillan International,@c1964. | |
| 300 | @a150 p. | |
| 710 | 2 | @aEnglish Language Services |
| English this way.. (9-10) / / prepared by English Language Services.-New York : : Collier Macmillan International, , 1964. |
| 150 p. |
| ISBN CNY1.10. |
| ● |
| 相关链接 |
|
|
|
|
正题名:English this way
索取号:H31/x33:(9-10)
 
预约/预借
| 序号 | 登录号 | 条形码 | 馆藏地/架位号 | 状态 | 备注 |
| 1 | 0000166 | 300001664 | 第四借阅区/ [索取号:H31/x33:(9-10)] | 在馆 | |
| 2 | 17431 | 300174317 | 密集书库/ [索取号:H31/x33:(9-10)] | 在馆 | |
| 3 | 17563 | 300175637 | 密集书库/ [索取号:H31/x33:(9-10)] | 在馆 | |
| 4 | 17564 | 300175646 | 密集书库/ [索取号:H31/x33:(9-10)] | 在馆 | |
| 5 | 182043 | 001162253 | 第二样本阅览室/ [索取号:H31/x33:(9-10)] | 在馆 | |
| 6 | 57958 | 001162306 | 第四借阅区/ [索取号:H31/x33:(9-10)] | 在馆 | |
| 7 | 57959 | 001162299 | 第四借阅区/ [索取号:H31/x33:(9-10)] | 在馆 | |
| 8 | 57960 | 001162315 | 密集书库/ [索取号:H31/x33:(9-10)] | 在馆 | |
| 9 | 57961 | 001162235 | 密集书库/ [索取号:H31/x33:(9-10)] | 在馆 |